Drei Sonaten für Altblockflöte f ́und Cembalo (Klavier), Viola da Gamba (Violoncello) ad lib /

Bibliographic Details
Main Author: Purcell, Daniel, -1717
Other Authors: Giesbert, F. J.
Format: Musical Score Book
Language:No linguistic content
Published: Mainz : B. Schott's Söhne, [1959]
Subjects:

MARC

Tag First Indicator Second Indicator Subfields
LEADER 00000ccm a2200000M 4500
001 in00002416613
005 20151109122033.0
008 911030s1959 gw sna n zxx
010 |a m 60000642  
028 3 2 |a Edition Schott, 4732  |b B. Schott's Söhne 
035 |a (OCoLC)ocm25154099 
035 |a (OCoLC)25154099 
040 |a DLC  |c COO  |d OCL  |d OCLCG  |d TXA  |d UtOrBLW 
048 |a wh01  |a ke 
049 |a TXAM 
050 0 0 |a M241.P9  |b S6 
090 |a M241.P96  |b S64 1959 
100 1 |a Purcell, Daniel,  |d -1717. 
240 1 0 |a Sonatas  |n (1698).  |n No. 1-3 
245 1 0 |a Drei Sonaten für Altblockflöte f ́und Cembalo (Klavier), Viola da Gamba (Violoncello) ad lib /  |c Hrsg. von F.J. Giesbert. 
264 1 |a Mainz :  |b B. Schott's Söhne,  |c [1959] 
264 4 |c [©1959] 
300 |a score (19 pages) and 2 parts. ;  |c 31 cm. 
336 |a notated music  |b ntm  |2 rdacontent 
337 |a unmediated  |b n  |2 rdamedia 
338 |a volume  |b nc  |2 rdacarrier 
500 |a Figured bass realized for piano. 
500 |a Part for viola da gamba or violoncello included in the parts. 
505 0 |a F major.--D minor.--C major. 
650 0 |a Sonatas (Recorder and continuo)  |v Scores and parts. 
700 1 |a Giesbert, F. J. 
948 |a cataloged  |b h  |c 2008/9/26  |d c  |e bhartsfi  |f 12:47:56 pm 
994 |a C0  |b TXA 
999 |a MARS 
999 f f |s ccdffd33-7ce6-3bf0-9949-17d4eec3bfe1  |i 10a6b08c-774d-3056-bb8d-59828fbfaa95  |t 0 
952 f f |p ric  |a Texas A&M University  |b Rellis Campus  |c Joint Library Facility  |d Remote Storage  |t 0  |e M241.P96 S64 1959  |h Library of Congress classification  |i unmediated -- volume  |m A14837320941 
998 f f |a M241.P96 S64 1959  |t 0  |l Remote Storage